|
|
|
|
| LEADER |
00000nam0a2200000 4500 |
| 001 |
78541 |
| 005 |
20231101213010.0 |
| 010 |
|
|
|a 5020336033
|
| 035 |
|
|
|a (RuTPU)RU\TPU\book\84198
|
| 090 |
|
|
|a 78541
|
| 100 |
|
|
|a 20050627d2005 k y0rusy50 ca
|
| 101 |
0 |
|
|a rus
|
| 102 |
|
|
|a RU
|
| 105 |
|
|
|a y z 001zy
|
| 200 |
1 |
|
|a Демократическое правовое государство и гражданское общество в странах Центрально-Восточной Европы
|f Российская академия наук; Институт международных экономических и политических исследований
|
| 210 |
|
|
|a Москва
|c Наука
|d 2005
|
| 215 |
|
|
|a 184 с.
|
| 320 |
|
|
|a Библиография в примечаниях.
|
| 330 |
|
|
|a В монографии обобщается конкретный опыт формирования демократического правового государства и гражданского общества в странах Центральной и Юго-Восточной Европы в 1990-е годы и в начале XXI в. Дается анализ факторов, определяющих развитие этих процессов, достигнутое за годы перемен в этих сферах, а также возникающих трудностей и болевых точек. Для политиков и общественных деятелей, экспертов и исследователей, преподавателей вузов и студентов.
|
| 606 |
1 |
|
|a Государство и право зарубежных стран
|2 stltpush
|3 (RuTPU)RU\TPU\subj\8394
|9 35810
|
| 610 |
1 |
|
|a право
|
| 610 |
1 |
|
|a правовое государство
|
| 610 |
1 |
|
|a демократические государства
|
| 610 |
1 |
|
|a гражданское общество
|
| 610 |
1 |
|
|a Европа
|
| 610 |
1 |
|
|a Центральная Европа
|
| 610 |
1 |
|
|a Восточная Европа
|
| 686 |
|
|
|a Х8(4)
|v LBC/SL-A
|2 rubbk
|
| 686 |
|
|
|a Ю62
|v LBC/SL-A
|2 rubbk
|
| 712 |
0 |
2 |
|a Российская академия наук (РАН)
|b Институт международных экономических и политических исследований (ИМЭПИ)
|c (1991-2005)
|c (Москва)
|2 stltpush
|3 (RuTPU)RU\TPU\col\2793
|
| 801 |
|
1 |
|a RU
|b 63413507
|c 20050627
|g PSBO
|
| 801 |
|
2 |
|a RU
|b 63413507
|c 20131225
|g PSBO
|
| 942 |
|
|
|c BK
|
| 959 |
|
|
|a 53/20050505
|d 1
|e 0
|f ЧЗГЛ:1
|